[Event "Corus-B"]
[Site "Wijk aan Zee"]
[Date "2004.01.25"]
[Round "13"]
[White "Van der Wiel, John"]
[Black "Stefanova, Antoaneta"]
[Result "0-1"]
[WhiteElo "2542"]
[BlackElo "2478"]
[Annotator "Postny,E"]
[PlyCount "114"]
[EventDate "2004.01.10"]
[EventType "tourn"]
[EventRounds "13"]
[EventCountry "NED"]
[EventCategory "13"]
[SourceTitle "CBM 099"]
[Source "ChessBase"]
[SourceDate "2004.03.30"]
[SourceVersion "1"]
[SourceVersionDate "2004.03.30"]
[SourceQuality "1"]

1. e4 e5 2. Nf3 Nc6 3. d4 exd4 4. Nxd4 Qf6 5. Nxc6 Bc5 6. Qd2 dxc6 7. Nc3 Bd4 {
This move is fashionable nowadays. Up to now, white fails to get an advantage
in this line.} 8. Bc4 (8. Nd1 $5 {- see the annotated game Parligras,M-Atalik,
S/Athens 2003/CBM 97 [Postny,E] (60)}) (8. Bd3 {- is the main and probably
more promising line.}) 8... Nh6 (8... Be6 9. Bxe6 fxe6 {- see the annotated
game Nataf,I-Beliavsky,A/Istanbul 2003/CBM 96 [Postny,E] (49)}) 9. h3 {
Restricting the opponent's knight.} (9. O-O Ng4 {appeared in the game
Kasimdzhanov,R-Tkachiev,V/New Delhi 2000/CBM 81 [Postny,E] (36)}) 9... Be6 {
The practice shows, that the plan connected with long castle is the most
promising for black.} 10. Bxe6 (10. Bb3 O-O-O 11. O-O Rhe8 12. Qg5 {1/2-1/2
Rosito,J-Van Riemsdijk,H/Serra Negra 2002/CBM 88 ext (12)}) 10... fxe6 11. Nd1
(11. O-O O-O 12. Nd1 Nf7 13. c3 Bb6 14. Qe2 Ne5 15. Be3 Rad8 16. Bxb6 axb6 17.
Ne3 Qg6 $11 {1/2-1/2 Motylev,A-Tkachiev,V/Neum blitz 2000/EXT 2001 (31)}) 11...
O-O-O 12. Qe2 ({Comes to consideration} 12. Qg5) 12... Nf7 $1 $146 {This move
seems to be stronger, than the previously played 12...g5.} (12... g5 13. c3 Bb6
(13... Bc5 14. Be3 Bxe3 15. Nxe3 Nf7 16. Rd1 Rxd1+ 17. Kxd1 h5 18. Nc4 Ne5 19.
Nxe5 Qxe5 20. Kc1 Qf4+ 21. Qd2 Rd8 22. Qxf4 gxf4 $11 {1/2-1/2 Macieja,
B-Nielsen,P/Bled 2002/EXT 2003 (40)}) 14. Be3 Nf7 15. Bxb6 axb6 16. Ne3 h5 17.
Rd1 Rxd1+ 18. Kxd1 Qf4 19. Nc4 b5 20. Nd2 Ne5 21. Kc2 h4 $11 {1/2-1/2 Nataf,
I-Aronian,L/Moscow 2003/CBM 94 (25)}) 13. O-O (13. c3 Bb6 14. Be3 Ne5 15. O-O
Nd3 $15) 13... Rd7 {Black is intending to put pressure, using the "d" file.}
14. c3 (14. Be3 Bxb2 15. Nxb2 Qxb2 16. Bxa7 Nd6 $15) 14... Bb6 15. a4 a5 16.
Be3 Rhd8 {Black can be definitely satisfied with the results of the opening.}
17. Rb1 $6 {This is too slow.} ({More in the spirit of the position was:} 17.
b4 Qe5 $1 (17... axb4 $6 18. a5 Bxe3 19. a6 $1 b6 20. Nxe3 Kb8 (20... bxc3 $2
21. a7 Kb7 {[%tqu "En","How to conclude the attack?","","","a7a8Q","",5]} 22.
a8=Q+ $1 Rxa8 23. Rxa8 Kxa8 24. Qa6+ Kb8 25. Ra1 $18) 21. cxb4 $14) 18. Bxb6
cxb6 19. f4 Qd6 $15) 17... Qe5 18. Bxb6 cxb6 19. Ne3 $2 {White is striving for
active play and sacrificing a pawn, but fails to get sufficient compensation.}
({Objectively stronger was} 19. f4 Qc5+ 20. Kh2 {, although black's position
is better in this case as well.}) 19... Qxe4 20. Qc4 Qg6 $1 (20... Qxc4 $2 21.
Nxc4 Kc7 22. Rfe1 $44) 21. Qb3 Ne5 22. Kh2 (22. Qxb6 $2 Nf3+ 23. Kh1 Nd2 {
[%csl Rb1,Rf1]}) 22... Kc7 {Black is a clear pawn up, though it's a double one,
which makes it hard for him to win the game.} 23. Rbd1 Rd2 24. Rxd2 Rxd2 25.
Qa3 Qf6 {Preventing the invasion of white's queen.} 26. Kg1 Nd7 ({Also good was
} 26... g5) 27. Ng4 (27. b4 Rd3 28. Rc1 Qe5 {is also unattractive for white.})
27... Qf8 $1 28. b4 {Of course, white must avoid the exchange of queens.} Qd6
29. Qa1 h5 30. Ne3 {[%cal Ge3c4]} Qd3 31. bxa5 bxa5 32. Qa3 g5 33. Qe7 {
White's queen managed to invade into black's camp, but it does not help white.
The black king is well protected, while all white's queenside pawns are doomed
to fall.} Qxc3 34. Qxg5 ({More stubborn would have been} 34. Qxe6) 34... Qe5
35. Qh6 Rd4 {[%csl Ra4]} 36. Ra1 Rb4 {White can not hold the Pa4.} 37. Rd1 Rxa4
{White's queenside belongs to history.} 38. Nc2 {[%cal Gh6h7]} (38. Qh7 Rd4 $19
) 38... Nc5 39. Qf8 Kb6 40. Ne3 Rb4 41. Qd8+ Qc7 42. Qh8 h4 43. Nc2 Re4 44. Qa8
{Preventing from black's king to hide on a7, but it feels good on b6 as well.}
Nb3 45. Ne3 ({The last practical chance was} 45. Na1 $5) 45... a4 46. Ng4 Qe7
47. Kh1 Qb4 48. Ne3 Rd4 49. Rb1 Rd2 {Black prevented all white's attempts to
create counterthreats. Now, there is nothing that can stop the "a" pawn.} 50.
Rf1 Kc7 (50... a3 51. Qxa3 Qxa3 52. Nc4+ Kc5 53. Nxa3 b5 $19) 51. Qg8 a3 52.
Qxe6 a2 {The "a" pawn will cost white a full rook.} 53. Nc4 Rd5 54. Ne3 Rc5 55.
Qe7+ Kb6 56. Qf6 Qd2 57. Qf7 Qc3 0-1

[Event "RUS-chT 11th"]
[Site "Sochi"]
[Date "2004.04.26"]
[Round "7.2"]
[White "Rublevsky, Sergei"]
[Black "Akopian, Vladimir Eduardovic"]
[Result "0-1"]
[WhiteElo "2671"]
[BlackElo "2689"]
[Annotator "Postny,E"]
[PlyCount "96"]
[EventDate "2004.04.20"]
[EventType "team-tourn"]
[EventRounds "9"]
[EventCountry "RUS"]
[SourceTitle "EXT 2020"]
[Source "ChessBase"]
[SourceDate "2019.10.17"]
[SourceVersion "1"]
[SourceVersionDate "2019.10.17"]
[SourceQuality "1"]
[WhiteTeam "Kazan Ladya"]
[BlackTeam "Tomsk 400"]
[WhiteTeamCountry "RUS"]
[BlackTeamCountry "RUS"]

1. e4 e5 2. Nf3 Nc6 3. d4 exd4 4. Nxd4 Bc5 5. Nxc6 Qf6 6. Qd2 dxc6 7. Nc3 Bd4 {
Fashionable variation, adopted by many strong grandmasters.} ({Other main
possibilities are:} 7... Be6) (7... Ne7) 8. Bd3 {This is the most popular
continuation.} (8. Bc4 {--> 0-1 Nataf,I-Beliavsky,A/Istanbul 2003/CBM 96 
[Postny,E] (49)}) (8. Nd1 {--> 1-0 Parligras,M-Atalik,S/Athens 2003/CBM 97 
[Postny,E] (60)}) 8... Ne7 9. O-O Ng6 10. Ne2 {Rublevsky tries rare move in
this position.} (10. Qe1 {--> 0-1 Bauer,C-Bacrot,E/Aix les Bains 2003/CBM 97 
[Postny,E] (42)}) ({The main continuation is} 10. Kh1 {[%cal Gf2f4] --> 1-0
Nataf,I-Mitkov,N/Halkidiki 2002/CBM 92 [Postny,E] (79)}) (10. Qg5 Qxg5 11. Bxg5
f6 12. Bc1 Ne5 13. Be2 Be6 14. Nd1 O-O-O $11 {1/2-1/2 Smeets,J-L'Ami,E/
Groningen 2003/The Week in Chess 477 (25)}) 10... Bb6 ({Risky for black is to
capture the pawn:} 10... Bxb2 11. Bxb2 Qxb2 12. Rab1 Qf6 13. f4 O-O 14. Kh1 $44
{1-0 Bellaiche,A-Rebreyend,M/France 2001/EXT 2003 (27)}) 11. Ng3 $146 (11. Nf4
Ne5 12. Be2 Ng4 (12... O-O 13. Qc3 Re8 14. Qg3 Bd7 15. Bd2 Ng6 16. Nxg6 Qxg6
17. Qxg6 hxg6 18. Bd3 $14 {1-0 Kovchan,A-Farakhov,R/Noyabrsk 2003 (42)}) 13.
Nd3 Qh4 14. Qf4 g5 15. Qg3 Qxg3 16. hxg3 Rg8 17. Bxg4 Bxg4 18. Re1 c5 19. Be3
c4 20. Nc5 O-O-O 21. f3 Bh5 22. g4 Bg6 23. Kf2 $14 {1-0 Kovalevskaya,
E-Stefanova,A/Krasnoturinsk 2003/CBM 95 ext (53)}) 11... Ne5 12. Be2 O-O 13.
Qc3 {Moving the queen to the place, from where it does not obstructs white's
development.} Re8 14. Be3 {Rublevsky wants to exchange black's annoying
dark-squared bishop.} Ng4 15. Qxf6 Nxf6 16. Bxb6 axb6 17. f3 {This is a
typical endgame for this line of Scotch. White hopes to make benefits of his
pawn majority on the kingside. However, black's funny pawnstructure on the
queenside gives him sufficient counterchances, since black can roll his front
pawns forward without making weaknesses in his camp and to put pressure on
white's queenside.} h5 {Black wants to get some space on the kingside.} 18.
Rfd1 ({Possible is} 18. h4) 18... h4 19. Nf1 b5 20. a3 Nd7 $1 {Transfering the
knight to better pastures.} 21. Ne3 Nc5 22. c4 $6 {Basicly it's not
recommended to play on the side where the opponent has the advantage.} ({
Logical is} 22. Kf2) 22... bxc4 23. Bxc4 g6 {Covering f5 square.} 24. Rac1 {
[%csl Rc5][%cal Gc1c5]} Be6 25. Kf2 Kf8 26. b4 $6 {Too optimistic. White is
playing actively, but this move actually hurts white.} ({Possible was} 26. Rd2)
26... Bxc4 27. Nxc4 Ne6 28. Na5 (28. Rd7 Re7 29. Rcd1 Rxd7 30. Rxd7 Ke8 31. Rd3
c5 {with better endgame for black.}) 28... c5 $1 {Very strong move, which was
probably underestimated by Rublevsky.} 29. Nxb7 cxb4 30. axb4 Ra2+ {As a
result of white's dubious operation on the queenside, black's rook invaded
into white's camp.} 31. Ke3 {White has to leave his kingside pawns unprotected,
otherwise white's king may be in serious danger.} ({After} 31. Kf1 Rb8 $1 {
black has strong attack.}) 31... Rxg2 32. Nc5 {White must eliminate black's
excellent knight.} ({In case of} 32. Rd2 Rxd2 33. Kxd2 Ra8 {black has winning
chances.}) 32... Rxh2 33. Nxe6+ Rxe6 34. Rxc7 Rb2 35. Rdd7 $2 {The decisive
mistake.} ({White should try to capture black's passed pawn as soon as
possible:} 35. Kf4 Rxb4 36. Kg4 Rb3 37. Rd8+ $1 Kg7 38. Rcc8 {[%csl Rh4][%cal
Gd8h8] and white survives.}) 35... Rb3+ 36. Kf4 (36. Ke2 Rf6 $19 {[%csl Rf3]})
36... Rf6+ 37. Kg5 Kg7 $1 (37... Rfxf3 $2 38. Kh6 $1 Ke8 39. Kg7 {and black is
the side who has to worry about.}) 38. f4 (38. Kxh4 Rbxf3 {and white's king is
in serious danger.}) 38... h3 {This passed pawn decides the game.} 39. Kg4 h2
40. Rd1 Rxb4 41. Re7 Rd6 42. Rh1 Rd2 43. e5 Kf8 44. Ra7 Rb3 45. Ra8+ Kg7 46.
Ra7 Rg2+ 47. Kh4 Rg1 $1 48. Rxh2 Rb8 {[%csl Rh4][%cal Rb8h8]} 0-1

[Event "ROM-chT"]
[Site "Eforie Nord"]
[Date "2000.12.21"]
[Round "4"]
[White "Motylev, Alexander"]
[Black "Sofronie, Iulian"]
[Result "1-0"]
[WhiteElo "2574"]
[BlackElo "2383"]
[Annotator "Postny,E"]
[PlyCount "81"]
[EventDate "2000.12.18"]
[EventType "team"]
[EventRounds "5"]
[EventCountry "ROU"]
[SourceTitle "CBM 081"]
[Source "ChessBase"]
[SourceDate "2001.03.20"]
[SourceVersion "1"]
[SourceVersionDate "2001.03.20"]
[SourceQuality "1"]
[WhiteTeam "Bucharest RAT"]
[BlackTeam "Brasov Dinamo"]
[WhiteTeamCountry "ROU"]
[BlackTeamCountry "ROU"]

1. e4 e5 2. Nf3 Nc6 3. d4 exd4 4. Nxd4 Nf6 5. Nxc6 bxc6 6. e5 Qe7 7. Qe2 Nd5 8.
c4 Nb6 {Alternative is-8...Ba6.} 9. Nc3 {Other possibilities are: 9.Nd2, 9.b3.}
Qe6 {Most popular continuation.Black opening diagonal for the dark-squares
bishop.} 10. Qe4 Ba6 11. b3 O-O-O ({Several months ago in the game between the
same opponents black played} 11... Bb4 {,however after} 12. Bd2 Bxc3 13. Bxc3
d5 14. Qh4 dxc4 15. Be2 Nd5 16. Bxc4 g5 17. Qd4 Bxc4 18. Qxc4 Nf4 19. Qxe6+
Nxe6 20. O-O-O {white got clear advantage; 1-0 Motylev,A-Sofronie,I/Bucharest
2000 (40)}) 12. Bb2 Bb7 13. O-O-O d5 $6 $146 {Dubious idea.} (13... Re8 14. f4
d5 {Now it's much better, then on previous move!} 15. cxd5 cxd5 16. Qc2 Kb8 17.
Kb1 g6 18. Be2 c5 19. Bf3 Be7 20. g4 d4 21. Bxb7 Kxb7 22. Ne4 Rc8 23. Qg2 Kb8
24. Rhe1 h5 $132 {1-0 Kasparov,G-Adams,M/Internet 2000 (77)}) 14. exd6 cxd6 15.
Be2 {[%cal Ge2g4]} Qxe4 ({Can not be recommended} 15... Kb8 $2 16. Qxe6 fxe6
17. Ne4 d5 (17... Be7 18. Nxd6 Bxd6 19. Rxd6 Rxd6 20. Be5 $18 {[%cal Yc4c5,
Yh1d1]}) 18. Ng5 Re8 19. Bh5 Re7 20. Be5+ Ka8 (20... Kc8 21. Nf7 Rg8 22. Nd6+
Kd8 23. Rhe1 {and black's position is awful.}) 21. c5 Nc8 22. Bg4 {with
decisive advantage.}) ({Interesting attempt is} 15... h5 {,but white is better
anyway.}) 16. Nxe4 {[%csl Rf7][%cal Ge4g5]} f6 ({Bad for black:} 16... h6 $2
17. c5 $1 Nd5 ({loses immideatly} 17... dxc5 $2 18. Bg4+ Nd7 19. Rxd7 Rxd7 20.
Rd1 $18) 18. Nxd6+ Bxd6 19. cxd6 Rxd6 20. Bg4+ Kd8 21. Bxg7 Rg8 22. Be5 $18 {
with material and positional advantage.}) 17. c5 $1 Nd5 ({Badly is} 17... dxc5
{in view of} 18. Rxd8+ Kxd8 19. Nxf6 {[%csl Rh8]}) 18. Nxd6+ Bxd6 19. cxd6 Rxd6
20. Rhe1 {Pair of strong bishops and superior pawnstructure makes giving white
big advantage in the endgame.} Rdd8 ({No good is} 20... Re8 {due to} 21. Bg4+
Kd8 22. Ba3 {[%csl Ga3,Gg4]}) 21. Bd3 Kc7 ({If} 21... h6 {with idea Rhe8,
white comes with} 22. Bg6 {[%csl Ye8]}) 22. g3 Bc8 23. f3 {[%csl Yf4,Yg4]} Bd7
24. Bd4 Be8 25. Bc4 ({No good is to take a pawn} 25. Bxa7 $6 {,as after} Ra8 {
black win pawn back, decreasing white's advantage.}) 25... a5 26. Bxd5 {
Possible was 26.Bc5 continuing the pressure, but Motylev decided to force
matters.} Rxd5 27. Re7+ Rd7 28. Rde1 ({Other nice option for white is rooks
endgame after} 28. Bb6+ Kxb6 29. Rexd7 Bxd7 30. Rxd7) 28... Bh5 29. Bb6+ Kc8
30. g4 Bf7 31. Bxa5 {White is a pawn up, but opposite colour bishops give
black some draw chances.} h5 $1 32. Bb4 Rxe7 33. Rxe7 Bd5 34. Bd6 g5 $2 {
Probably time-trouble.} (34... Bxf3 {was logical continuation and the only
chance.} 35. gxh5 Rxh5 36. Rc7+ Kd8 37. Rxg7 Bd5 {and the fight is still on.})
35. Rc7+ Kd8 36. Ra7 c5 37. Be7+ Kc8 38. Bxf6 {Now it's all over.White has too
much material.} Rf8 39. Bxg5 Bxf3 40. gxh5 Rf5 (40... Kb8 41. Rh7 Rf5 42. h4
$18) 41. h6 (41. h6 Rxg5 42. h7 Rh5 43. Rf7 $18) 1-0

[Event "Vikings GM 2nd"]
[Site "York"]
[Date "2000.12.18"]
[Round "6"]
[White "Wells, Peter K"]
[Black "Hector, Jonny"]
[Result "0-1"]
[WhiteElo "2506"]
[BlackElo "2509"]
[Annotator "Postny,E"]
[PlyCount "90"]
[EventDate "2000.12.13"]
[EventType "tourn"]
[EventRounds "10"]
[EventCountry "ENG"]
[EventCategory "12"]
[SourceTitle "CBM 081"]
[Source "ChessBase"]
[SourceDate "2001.03.20"]
[SourceVersion "1"]
[SourceVersionDate "2001.03.20"]
[SourceQuality "1"]

1. e4 e5 2. Nf3 Nc6 3. d4 exd4 4. Nxd4 Qf6 {Grandmaster Hector often plays
this original move with success.} 5. Nxc6 (5. Be3 Bc5 {leads to one of the
main lines in Scotch.}) 5... dxc6 6. Bd3 {The most solid way of developement.
Other continuations do not create problems for black.For instance:} (6. Bc4 Bd6
7. Nc3 Ne7 8. f4 Be6 9. Bxe6 Qxe6 10. O-O f5 11. Qd4 fxe4 12. Qxe4 Qf7 13. Qf3
O-O 14. Ne4 Nf5 15. Bd2 Rae8 16. Nxd6 cxd6 17. Qd3 Re6 $11 {0-1 Smagin,
S-Hector,J/Valby 1991/CBM 27 (58)}) 6... Ne7 $146 (6... Bd6 7. O-O {[%cal
Gf2f4]} g5 $5 8. Qh5 Qe5 9. g3 {[%cal Gf2f4]} g4 10. Qxe5+ Bxe5 11. Nd2 Ne7 12.
Nc4 Bg7 13. Ne3 Ng6 14. Nf5 Bxf5 15. exf5 Ne5 16. Be2 Bf6 17. Kg2 O-O-O 18. Bh6
Rhg8 19. h4 $14 {1-0 Zelcic,R-Krstic,U/Zadar 1998/EXT 2000 (42)}) 7. O-O Ng6 8.
f4 Bc5+ 9. Kh1 Qh4 ({Worse is} 9... O-O {,as after} 10. Qh5 $1 {white takes
the initiative.}) 10. Nc3 ({Also deserves attention} 10. Nd2 {[%cal Yd2f3]} Bg4
(10... Nxf4 $2 11. g3 $18) 11. Nf3 Qh5 12. Qe1 O-O-O 13. Be3 {with chances to
both sides.}) 10... Bg4 $6 {Not a perfect place for bishop.White intended to
play Qe1 anyway.} (10... Bd7 11. Qe1 Qxe1 12. Rxe1 O-O-O $13) 11. Qe1 Qxe1 ({
Doesn't look good for black} 11... Qh5 $6 12. Qg3) 12. Rxe1 {[%csl Rg4]} f6 $6
({Careless is} 12... O-O-O $2 {as after} 13. f5 Ne5 14. h3 Bh5 (14... h5 15.
Be3 $18) 15. g4 Nxd3 16. cxd3 Rxd3 17. Kg2 {white win a piece.}) ({The best was
} 12... Bd7 {and white has only small advantage.}) 13. e5 $1 (13. h3 Bd7 14. e5
O-O-O 15. e6 {leads to identical position in the game.}) 13... O-O-O ({
Interesting attempt is} 13... Bf2 14. Rf1 Bd4 15. h3 Bc8 16. e6 f5 $1 {
(otherwise white will play f5 with big advantage)} 17. Bxf5 Ne7 18. Bd3 (18.
Bg4 h5 {winning e6 pawn anyway.}) 18... Bxe6 $14) 14. h3 Bd7 15. e6 Be8 {
It's obviously, that black wasn't satisfied of their position in this stage.}
16. Ne4 Bb4 {Black needs some tempo to reorganize piece coordination.} 17. Rf1
Ne7 {[%cal Ye8g6]} 18. a3 Bd6 19. b4 Bg6 20. Bb2 (20. Nxd6+ $2 Rxd6 21. f5 {
is refuted by} Rxd3 $1 22. cxd3 Nxf5 23. Bf4 Re8 24. Rae1 Nd4 {and black is
more then O.K.}) 20... Bf5 21. Rae1 Rhe8 ({Of course not} 21... Bxe6 $2 22.
Nxd6+ Rxd6 23. f5 $18 {[%csl Re6,Re7]}) 22. g4 $1 Bxe4+ ({Again no good is} 
22... Bxe6 {in view of} 23. Nxf6 $16 {[%cal Ge1e6]}) 23. Bxe4 h5 24. g5 $2 {
This move allows black to close the kingside.} (24. gxh5 $6 {not the best
option as well, as after} Rh8 {black has some counterplay}) ({The most
flexible move was} 24. Kg2 $1 {and white has total control of the position;
for example:} hxg4 25. hxg4 c5 26. b5 {and I don't believe, that black can
hold the position.}) 24... f5 25. Bd3 (25. Bg2 $1 {seems to me more accurate}
g6 26. c4 {limiting black pieces.}) 25... g6 {With static position on the
kingside black's life become much easier.} 26. Bf6 c5 27. b5 Nd5 $2 {
Unnecessary sacrifice.} ({After} 27... c4 28. Bxc4 Bxa3 {I don't see, how
white can break through black's defense.}) 28. Bc4 $2 ({Why not to take the
exchange? After} 28. Bxd8 Kxd8 29. Bc4 Nxf4 30. h4 {white has big advantage
again.}) 28... Be7 29. Bb2 $2 {This is already critical mistake.} ({Necessary
was} 29. Bxd5 Rxd5 {[%cal Gd5d2]} 30. Re2 $14) 29... Nb6 {From this moment
black takes the initiative.} 30. Be2 Rd2 $1 31. Bd3 (31. Bd1 $5 Rd6 $1 32. Rf2
Nc4 33. Bc1 Bf8 $17 {[%csl Rd1,Re6]}) 31... c4 $1 32. Bc1 cxd3 33. Bxd2 Nc4 34.
Bc3 (34. Rf2 $142 Nxa3 (34... dxc2 $2 35. Bc1 $1 $16) 35. cxd3 Nxb5 $17 {
[%csl Rd3,Re6,Rf4] In compare with the game d3 pawn is still alive.}) 34...
dxc2 35. Rf2 (35. a4 Ba3 $19) 35... Nxa3 36. Bb2 Nxb5 {Where is white's
queenside?} 37. Rxc2 Bd6 {-+} 38. Rc4 (38. Be5 Rxe6 39. Rce2 Bb4 $19) 38... b6
39. Bf6 Bc5 {[%cal Yb5d6]} 40. Kg2 Nd6 41. Ra4 a5 {There is no open files for
white rooks.} 42. Bc3 Nb7 $1 {[%csl Re6,Rf4][%cal Yc5d6,Yb7c5] This strong
manoeuvre decides the game.} 43. Ra2 Bd6 44. Kf3 Nc5 45. Rae2 Nd3 0-1

[Event "RUS-chT 09th Group2"]
[Site "Ekaterinburg"]
[Date "2002.05.18"]
[Round "2"]
[White "Baklan, Vladimir"]
[Black "Tolstikh, Nikolay"]
[Result "1-0"]
[WhiteElo "2618"]
[BlackElo "2480"]
[Annotator "Postny,E"]
[PlyCount "75"]
[EventDate "2002.05.17"]
[EventType "team-tourn"]
[EventRounds "7"]
[EventCountry "RUS"]
[SourceTitle "CBM 090"]
[Source "ChessBase"]
[SourceDate "2002.09.20"]
[SourceVersion "1"]
[SourceVersionDate "2002.09.20"]
[SourceQuality "1"]
[WhiteTeam "Kazan Ladya"]
[BlackTeam "Surgut Yugra"]
[WhiteTeamCountry "RUS"]
[BlackTeamCountry "RUS"]

1. e4 e5 2. Nf3 Nc6 3. d4 exd4 4. Nxd4 Nf6 5. Nxc6 bxc6 6. e5 Qe7 7. Qe2 Nd5 8.
c4 Ba6 9. h4 $5 {A very rare and unusual move in this position. It looks
rather irrelevant, but there are some ideas behind this move- like in some
variations white's kingside R can enter the game via h3. Because of lack of
practical material, it's early to say, weather this idea good or bad. In this
particular game white succeeded...} Nb6 $6 {It seems, that after this move
white's opening plan succeeds.} ({More in principal is:} 9... f6 10. Rh3 fxe5 (
10... Nb6 $5 11. exf6 Qxe2+ 12. Bxe2 Bxc4 13. fxg7 Bxg7 14. Bh5+ $6 Kd8 15. Nc3
Kc8 16. Bd2 Be6 17. g4 Nc4 $15 {0-1 Dukaczewski,P-Seitaj,I/Moscow 1994/CBM 44
ext (42)}) 11. Bg5 Nf6 12. Re3 O-O-O (12... d6 $5) 13. Nd2 Qf7 14. Rxe5 Bb4 15.
O-O-O h6 16. Bxf6 gxf6 (16... Qxf6 $142) 17. Rf5 Bxd2+ 18. Rxd2 Rhe8 19. Qg4
Re1+ 20. Rd1 Rde8 21. Bd3 $16 {1-0 Scerbin,D-Petran,P/Budapest 2000/CBM 77 ext
(30)}) 10. b3 O-O-O $146 (10... d6 11. Bb2 O-O-O 12. exd6 Qxe2+ 13. Bxe2 cxd6
14. Nc3 $14 {1/2-1/2 Kucypera,A-Kaula,R/Polanica Zdroj 1996/EXT 98 (43)}) 11.
Bb2 f6 (11... d5 12. exd6 Qxe2+ 13. Bxe2 cxd6 14. Nc3 $14 {just like in
previous comment.}) 12. exf6 Qf7 $5 (12... gxf6 13. Nd2 d5 14. O-O-O $14) 13.
Qf3 gxf6 14. Nc3 (14. Qxf6 $2 Bb4+ 15. Kd1 Qe8 $44) 14... Bh6 $6 {[%mdl 16384]
It's not so important to prevent from white a long castle.} (14... d5 $1 {
was called for.} 15. cxd5 Re8+ 16. Kd1 Bxf1 17. Rxf1 cxd5 $14) 15. Be2 Rhf8 $6
{Black plays without concrete plan.} (15... d5 16. O-O Bb7) 16. O-O {[%csl Rf6,
Rh7][%mdl 16] This position is typical for the Scotch that black is unlike to
get. White has a clear advantage, because of black's pawn weaknesses on the
kingside. It should be noticed, that black's pieces on the queenside are
restricted.} c5 ({Now} 16... d5 $2 {is refuted by} 17. c5 $1 Bxe2 18. Qxe2 Nd7
19. Qa6+ Kb8 20. Qxc6 $18) 17. Qf5 Qg6 $6 {It strange, that black offers the
exchange of QQ in a strategically bad position.} (17... Bb7 $142 $16) 18. Bd3
Bb7 19. Qxg6 hxg6 20. Bxg6 $18 {White has won a pawn for nothing and black is
continuing to show no resistance.} f5 21. Rad1 Bg7 22. h5 d6 23. Rfe1 Be5 24.
Na4 Bxb2 (24... Nxa4 25. Bxe5 dxe5 26. Rxd8+ Kxd8 27. bxa4 e4 28. Rb1 $18) 25.
Nxb2 Nd7 26. Nd3 Rf6 27. f3 f4 28. Re7 {In this game only one side is playing,
the other side is just making moves...} Nf8 29. Rf7 Rxf7 30. Bxf7 Rd7 31. Bg6
Nxg6 32. hxg6 Rg7 33. Nxf4 {The rest of the moves are rather pointless...} Bc6
34. Re1 Bd7 35. g4 a5 36. Kf2 a4 37. Kg3 c6 38. Kh4 {Finally black resigned...}
1-0